LEADER 01157nam a2200265 i 4500 001 000000072519 003 CaOOAMICUS 005 20090330000000.0 008 090330s1967 it u000 u ita u 013 $a43691 040 $aSeMil$bita 100 1 $aWallon, Henri <1879-1962>.$0(OLS)http://semarc/name/35920 240 10$aButs et methodes de la psychologie.$0(OLS)http://semarc/title/116947 245 10$aFini e metodi della psicologia /$cHenri Wallon ; [trad. di Rosa Oneto]. 260 $aFirenze :$bLa Nuova Italia,$c1967. 300 $a218 p. ;$c21 cm. 490 0 $aProblemi di psicologia ;$v10 500 $aPubbl. originariamente in: Enfance, numero speciale gen./apr. 1963, Paris. 650 4$aPsicologia.$0(OLS)http://semarc/subject/1671 700 1 $aOneto, Rosa.$0(OLS)http://semarc/name/35921 830 0$aProblemi di psicologia ;$v10.$0(OLS)http://semarc/title/22641 850 $aSeMil 852 $aSeMil$W1$xVenegono$y1$m2Q I 371$j38672$B38672$CSeMilBibl$Z2$F38675 $81 996 $6245$aFini e metodi della psicologia$9(OLS)http://semarc/title/116946 996 $6260$aFirenze :$bLa Nuova Italia$9(OLS)http://semarc/publisher/30055 LEADER 01095nam a2200277 4500 001 000000355537 003 CaOOAMICUS 005 20231013123549.0 008 230929s1996 it 000 u ita r 020 $a88-339-0964-6 040 $aSeMil$bita 100 1 $aMonti, Dalida.$0(OLS)http://semarc/name/118362 245 10$aEquazione di Dirac /$cDalida Monti. 264 1$aTorino :$bBollati Boringhieri,$c1996. 300 $a223 p. ;$c22 cm 490 1 $aSaggi scientifici 600 14$aDirac, Paul <1902-1984>.$0(OLS)http://semarc/subject/54601 650 4$aFisica quantistica.$0(OLS)http://semarc/subject/49866 830 0$aSaggi scientifici.$0(OLS)http://semarc/title/10360 850 $aSeMil 852 $aSeMil$W1$xVenegono$y1$m3X IV 185$j244480$B246794$CSeMilBibl$Z2$F246794 $81 961 $aPolezzo Stefanin - Lascito 996 $6020$a88-339-0964-6$9(OLS)http://semarc/number/299006 996 $6245$aEquazione di Dirac$9(OLS)http://semarc/title/445751 996 $6264$aTorino :$bBollati Boringhieri$9(OLS)http://semarc/publisher/31556